Lead Right: (Record no. 59870)

MARC details
000 -LEADER
fixed length control field 00473nam a2200157 4500
005 - DATE AND TIME OF LATEST TRANSACTION
control field 20250813162745.0
008 - FIXED-LENGTH DATA ELEMENTS--GENERAL INFORMATION
fixed length control field 250813b |||||||| |||| 00| 0 eng d
020 ## - INTERNATIONAL STANDARD BOOK NUMBER
International Standard Book Number 9781885228864
050 ## - LIBRARY OF CONGRESS CALL NUMBER
Classification number HF5549.5
Item number .V47 2008
100 ## - MAIN ENTRY--PERSONAL NAME
Personal name Ventura, Steve (Author)
245 ## - TITLE STATEMENT
Title Lead Right:
Remainder of title Every Leader's Straight Talk Guide to Job Success/
260 ## - PUBLICATION, DISTRIBUTION, ETC. (IMPRINT)
Place of publication, distribution, etc Texas
Name of publisher, distributor, etc WalkTheTalk.com
Date of publication, distribution, etc 2008
300 ## - PHYSICAL DESCRIPTION
Extent 66 p.;
Dimensions 21 cm.
650 ## - SUBJECT ADDED ENTRY--TOPICAL TERM
Topical term or geographic name as entry element leadership
Form subdivision personnel management
942 ## - ADDED ENTRY ELEMENTS (KOHA)
Source of classification or shelving scheme Library of Congress Classification
Item type Book
Holdings
Withdrawn status Lost status Source of classification or shelving scheme Damaged status Not for loan Collection code Home library Current library Shelving location Date acquired Source of acquisition Total Checkouts Full call number Barcode Date last seen Copy number Price effective from Koha item type
    Library of Congress Classification   Not For Loan Non-fiction Bishop Okullu Memorial Library (Limuru Campus) Bishop Okullu Memorial Library (Limuru Campus) Processing Center 13/08/2025 donation   HF5549.5 .V47 2008 072568 13/08/2025 1 13/08/2025 Book